Những cuộc thám hiểm của yersin

Salvato in:
Dettagli Bibliografici
Autore principale: Bernard, Noel
Natura: Libro
Lingua:Undetermined
Pubblicazione: Hà Nội Thanh Niên 2004
Soggetti:
Tags: Aggiungi Tag
Nessun Tag, puoi essere il primo ad aggiungerne! !
Thư viện lưu trữ: Trung tâm Học liệu Trường Đại học Cần Thơ
LEADER 00600nam a2200205Ia 4500
001 CTU_74016
008 210402s9999 xx 000 0 und d
020 |b 27000 
082 |a 843.9 
082 |b B518 
100 |a Bernard, Noel 
245 0 |a Những cuộc thám hiểm của yersin 
245 0 |c Nôel Bécnard; Đào Minh Tuấn dịch 
260 |a Hà Nội 
260 |b Thanh Niên 
260 |c 2004 
650 |a French fiction,French literature 
650 |y 20th century (vietnamese) 
904 |i Mai Loan 
980 |a Trung tâm Học liệu Trường Đại học Cần Thơ